000 00247nam a2200109Ia 4500
008 240625s9999 xx 000 0 und d
041 _aeng
082 _a658.421 GUP
100 _aGUPTA C B
245 _aENTREPRENEURIAL DEVELOPMENT
260 _c2012
999 _c38107
_d38107